Hidden evidence laws and their influence on mold litigation outcomes in the United States of America (Record no. 105993)
[ view plain ]
| 000 -LEADER | |
|---|---|
| fixed length control field | 01447cam a2200277 4500 |
| 001 - CONTROL NUMBER | |
| control field | ##L135304 |
| 008 - FIXED-LENGTH DATA ELEMENTS--GENERAL INFORMATION | |
| fixed length control field | 061011n2006 000 0 eng u |
| 020 ## - INTERNATIONAL STANDARD BOOK NUMBER | |
| International Standard Book Number | 9781842193074 |
| 035 ## - SYSTEM CONTROL NUMBER | |
| System control number | (Sirsi) u135304 |
| 041 0# - LANGUAGE CODE | |
| Language code of text/sound track or separate title | eng |
| 050 04 - LIBRARY OF CONGRESS CALL NUMBER | |
| Classification number | 693.893 $2 18 |
| 100 1# - MAIN ENTRY--PERSONAL NAME | |
| Personal name | Thomas-Mobley, L. |
| 245 00 - TITLE STATEMENT | |
| Title | Hidden evidence laws and their influence on mold litigation outcomes in the United States of America |
| 260 ## - PUBLICATION, DISTRIBUTION, ETC. | |
| Place of publication, distribution, etc. | London |
| Name of publisher, distributor, etc. | RICS |
| Date of publication, distribution, etc. | 2006 |
| 490 #0 - SERIES STATEMENT | |
| Series statement | COBRA |
| Volume/sequential designation | 2006 |
| 520 ## - SUMMARY, ETC. | |
| Summary, etc. | Reports on toxic mould disputes in the US and the implications for the US construction industry. Argues that the outcome of some toxic mould lawsuits depends on the jurisdiction where a claim is filed, rather than the science of whether toxic mould is dangerous. An investigation of several US case studies shows that varying standards governing the admission of expert witness testimony in US Courts may have a direct impact on the outcome of legal claims. |
| 590 ## - LOCAL NOTE (RLIN) | |
| Local note | IKA171006 |
| 650 24 - SUBJECT ADDED ENTRY--TOPICAL TERM | |
| Topical term or geographic name entry element | FRYE V UNITED STATES |
| 650 24 - SUBJECT ADDED ENTRY--TOPICAL TERM | |
| Topical term or geographic name entry element | DAUBERT V MERRELL DOW PHARMACEUTICALS INC |
| 650 24 - SUBJECT ADDED ENTRY--TOPICAL TERM | |
| Topical term or geographic name entry element | ROCHE V LINCOLN PROPERTY COMPANY |
| 651 #4 - SUBJECT ADDED ENTRY--GEOGRAPHIC NAME | |
| Geographic name | UNITED STATES |
| 690 ## - LOCAL SUBJECT ADDED ENTRY--TOPICAL TERM (OCLC, RLIN) | |
| Topical term or geographic name as entry element | MANAGEMENT-HEALTH AND SAFETY-HAZARDOUS SUBSTANCES-TOXIC MOULD |
| 711 2# - ADDED ENTRY--MEETING NAME | |
| Meeting name or jurisdiction name as entry element | Construction and Building Research Conference |
| Number of part/section/meeting | (11th |
| Date of meeting or treaty signing | 2006 |
| Location of meeting | London) |
| 856 40 - ELECTRONIC LOCATION AND ACCESS | |
| Uniform Resource Identifier | <a href="https://www.rics.org/site/scripts/download_info.aspx?downloadID=2900">https://www.rics.org/site/scripts/download_info.aspx?downloadID=2900</a> |
| Public note | View the paper free of charge at www.rics.org... |
| 942 ## - ADDED ENTRY ELEMENTS (KOHA) | |
| Suppress in OPAC | 0 |
| Withdrawn status | Lost status | Source of classification or shelving scheme | Damaged status | Not for loan | Home library | Current library | Shelving location | Date acquired | Total Checkouts | Full call number | Barcode | Date last seen | Copy number | Price effective from | Koha item type |
|---|---|---|---|---|---|---|---|---|---|---|---|---|---|---|---|
| Dewey Decimal Classification | Virtual | Virtual | Online | 11/10/2006 | ONLINE PUBLICATION | 135304-2001 | 06/08/2019 | 1 | 06/08/2019 | Book |